| 000 | 00646nam a2200253Ia 4500 | ||
|---|---|---|---|
| 008 | 181129s9999 xx 000 0 und d | ||
| 020 | _a9780531147672 | ||
| 050 | _bT238 2007 | ||
| 100 | _aTaylor-Butler, Christine | ||
| 245 | 0 | _aUpdated Saturn / | |
| 245 | 0 | _cby Christine Taylor-Butler. | |
| 260 | _aNew York, NY : | ||
| 260 | _bChildren's Press, | ||
| 260 | _c2007 | ||
| 300 | _a24 pages : | ||
| 300 | _bcolor illustrations ; | ||
| 300 | _c20cm. | ||
| 440 | _aScholastic news nonfiction readers. | ||
| 500 | _a530L | ||
| 650 | _aReaders (Primary). | ||
| 650 | _aSaturn (Planet). | ||
| 700 | _aSeries. | ||
| 700 | _aTitle. | ||
| 999 |
_c360003 _d360003 |
||